[Event "15th Delhi Open 2017"]
[Site "New Delhi IND"]
[Date "2017.01.10"]
[Round "3.16"]
[White "Navalgund, Niranjan"]
[Black "Saptarshi, Roy"]
[Result "1-0"]
[BlackTitle "IM"]
[WhiteElo "2207"]
[BlackElo "2418"]
[WhiteFideId "5030854"]
[BlackFideId "5008980"]
[EventDate "2017.01.09"]

1. d4 d5 2. Nf3 Nf6 3. c4 e6 4. g3 dxc4 5. Bg2 Nbd7 6. O-O Be7 7. Qc2 a6 8. a4
O-O 9. Nbd2 c5 10. dxc5 Nxc5 11. Nxc4 Bd7 12. a5 Nd5 13. Bd2 Bb5 14. e4 Nf6 15.
Nfe5 Rc8 16. Rfd1 Bxc4 17. Nxc4 Qd3 18. Qxd3 Nxd3 19. Bf1 Nc5 20. f3 Nb3 21.
Rab1 Nd7 22. Bf4 Bc5+ 23. Kg2 Bd4 24. Bd6 Rfe8 25. e5 Rc6 26. f4 Rec8 27. Na3
Bc5 28. Bxc5 Ndxc5 29. Rd6 Rxd6 30. exd6 Ne4 31. Nc4 Rd8 32. Rd1 Nf6 33. Be2 Ne4
34. Bf3 Nec5 35. Re1 g6 36. Re3 Rd7 37. Bd1 Nc1 38. Bc2 Na2 39. Re5 b5 40. axb6
Nb7 41. Ba4 Rd8 42. d7 Nb4 43. Na5 Nd6 44. Rc5 Nd3 45. Rc7 Nxb2 46. Nc6 1-0

[Event "15th Delhi Open 2017"]
[Site "New Delhi IND"]
[Date "2017.01.10"]
[Round "3.17"]
[White "Raghunandan, Kaumandur Srihari"]
[Black "Hemanth, Raam"]
[Result "1-0"]
[WhiteTitle "IM"]
[WhiteElo "2416"]
[BlackElo "2231"]
[WhiteFideId "25004964"]
[BlackFideId "5084580"]
[EventDate "2017.01.09"]

1. d4 d5 2. c4 e6 3. Nf3 Nf6 4. Nc3 Be7 5. Bf4 O-O 6. Rc1 c5 7. dxc5 Bxc5 8. e3
Nc6 9. a3 Be7 10. h3 h6 11. Be2 Qa5 12. O-O dxc4 13. Bxc4 e5 14. Bg3 a6 15. Qb3
Bd7 16. Rfd1 Qc7 17. Nd5 Nxd5 18. Bxd5 Bf6 19. Qc4 Rac8 20. Bh4 Qd8 21. Bxf6
Qxf6 22. Bxf7+ Rxf7 23. Rxd7 Ne7 24. Qxf7+ Qxf7 25. Rxc8+ Nxc8 26. Rxf7 Kxf7 27.
Nxe5+ Ke6 28. Nd3 Kd5 29. b3 a5 30. Kf1 b5 31. Ke2 Nb6 32. Nf4+ Ke5 33. Kd3 Nd7
34. Kc3 g5 35. Nd3+ Kd5 36. f3 Nb8 37. Nf2 Nd7 38. e4+ Kd6 39. Nd3 Nb8 40. Kd4
Nc6+ 41. Ke3 a4 42. bxa4 bxa4 43. Nb2 1-0

[Event "15th Delhi Open 2017"]
[Site "New Delhi IND"]
[Date "2017.01.10"]
[Round "3.18"]
[White "Akash Pc, Iyer"]
[Black "Vignesh, N R"]
[Result "1-0"]
[BlackTitle "IM"]
[WhiteElo "2205"]
[BlackElo "2414"]
[WhiteFideId "5006775"]
[BlackFideId "25012215"]
[EventDate "2017.01.09"]

1. d4 d5 2. c4 c6 3. Nc3 Nf6 4. Nf3 e6 5. g3 dxc4 6. Bg2 b5 7. Ne5 Nd5 8. a4 Bb4
9. Bd2 O-O 10. O-O Bxc3 11. bxc3 f6 12. Nf3 Bb7 13. e4 Nb6 14. e5 Nxa4 15. exf6
Qxf6 16. Qb1 Qe7 17. Ng5 g6 18. Re1 Nxc3 19. Qb2 b4 20. Nxe6 Re8 21. Nf4 Qf7 22.
Rxe8+ Qxe8 23. Qxb4 Nb5 24. Re1 Qf7 25. Re7 a5 26. Qc5 Nd7 27. Qg5 h6 28. Rxf7
hxg5 29. Rxd7 c3 30. Bc1 gxf4 31. Rxb7 Nxd4 32. Bf1 f3 33. Bc4+ Kh8 34. Bh6 Nf5
35. Bg5 Rf8 36. Rb3 c2 37. Rxf3 Re8 38. Rc3 Re1+ 39. Kg2 Nd4 40. Bd3 Ne2 41.
Rxc2 Rg1+ 42. Kh3 1-0

[Event "15th Delhi Open 2017"]
[Site "New Delhi IND"]
[Date "2017.01.10"]
[Round "3.19"]
[White "Raahul, V S"]
[Black "Roy, Prantik"]
[Result "1/2-1/2"]
[BlackTitle "IM"]
[WhiteElo "2089"]
[BlackElo "2405"]
[WhiteFideId "25035525"]
[BlackFideId "5035120"]
[EventDate "2017.01.09"]

1. c4 c6 2. e4 d5 3. exd5 cxd5 4. cxd5 Qxd5 5. Nc3 Qd8 6. d4 e6 7. Bc4 Nf6 8.
Nf3 Be7 9. O-O O-O 10. d5 exd5 11. Nxd5 Nxd5 12. Bxd5 Nc6 13. Be3 Bf6 1/2-1/2

[Event "15th Delhi Open 2017"]
[Site "New Delhi IND"]
[Date "2017.01.10"]
[Round "3.20"]
[White "Ravi, Teja S."]
[Black "Singh, S. Vikramjit"]
[Result "1/2-1/2"]
[WhiteTitle "IM"]
[WhiteElo "2388"]
[BlackElo "2145"]
[WhiteFideId "5017220"]
[BlackFideId "5006090"]
[EventDate "2017.01.09"]

1. d4 Nf6 2. Nf3 g6 3. g3 Bg7 4. Bg2 O-O 5. O-O d6 6. c4 c5 7. d5 b5 8. cxb5 a6
9. bxa6 Bxa6 10. Nc3 Nbd7 11. Rb1 Ng4 12. Bd2 Qc7 13. b3 Rfb8 14. Qc2 Rb7 15.
Rfc1 Rab8 16. a4 Rb6 17. a5 R6b7 18. Qa2 h5 19. Bf1 Qd8 20. Be1 Ngf6 21. Rd1 Ne8
22. Na4 Nc7 23. Nb6 Nxb6 24. axb6 Rxb6 25. Ba5 Bc8 26. Bxb6 Rxb6 27. e4 Bg4 28.
Rd3 Qb8 29. h3 Bd7 30. Re1 Nb5 31. Qa5 Nd4 32. Nxd4 Bxd4 33. Rf3 Rxb3 34. Rd3
Kg7 35. Red1 Rxd3 36. Rxd3 Qb1 37. Qd2 Bb5 38. Kg2 Bxd3 39. Bxd3 Qb3 40. Qe2 Qc3
41. h4 Kf8 42. Bb5 Kg7 43. Bc4 Kf8 44. Bb5 Qb4 45. Bd3 Kg7 46. Ba6 Qa5 47. Bc4
Qc3 48. Ba6 1/2-1/2

[Event "15th Delhi Open 2017"]
[Site "New Delhi IND"]
[Date "2017.01.10"]
[Round "3.21"]
[White "David, Alberto"]
[Black "Srija, Seshadri"]
[Result "1/2-1/2"]
[WhiteTitle "GM"]
[BlackTitle "WFM"]
[WhiteElo "2569"]
[BlackElo "2091"]
[WhiteFideId "4000013"]
[BlackFideId "5055903"]
[EventDate "2017.01.09"]

1. e4 e5 2. Nf3 Nc6 3. Bb5 a6 4. Ba4 Nf6 5. d3 b5 6. Bb3 Bc5 7. O-O h6 8. a4 Rb8
9. axb5 axb5 10. c3 d6 11. Na3 O-O 12. Nc2 Bb6 13. Be3 Ne7 14. Bxb6 Rxb6 15. Ne3
Ng6 16. Re1 Re8 17. Ra8 Ra6 18. Rxa6 Bxa6 19. Qa1 Bb7 20. Qa7 Bc6 21. g3 Qd7 22.
Qa2 Ra8 23. Qb1 Bb7 24. Qd1 c5 25. Nd2 Ne7 26. Qe2 Bc6 27. f3 Ng6 28. Qf2 Rd8
29. Nf5 Bb7 30. Nf1 Qc7 31. N1e3 d5 32. exd5 Nxd5 33. Ng4 h5 34. Nge3 Nxe3 35.
Qxe3 Qc6 36. Qe2 Qxf3 37. Qxf3 Bxf3 38. Bc2 Ra8 39. Bb3 Rd8 40. Bc2 Ra8 41. Bb3
Rd8 42. Bc2 1/2-1/2

[Event "15th Delhi Open 2017"]
[Site "New Delhi IND"]
[Date "2017.01.10"]
[Round "3.22"]
[White "Sunilduth Lyna, Narayanan"]
[Black "Michelle Catherina, P"]
[Result "1-0"]
[WhiteTitle "GM"]
[BlackTitle "WIM"]
[WhiteElo "2541"]
[BlackElo "2245"]
[WhiteFideId "5058422"]
[BlackFideId "5005736"]
[EventDate "2017.01.09"]

1. d4 Nf6 2. c4 e6 3. Nf3 d5 4. Nc3 Bb4 5. cxd5 exd5 6. Bg5 Nbd7 7. Qc2 h6 8.
Bh4 c5 9. e3 O-O 10. Bd3 c4 11. Bf5 Nb6 12. O-O Bxc3 13. bxc3 Bxf5 14. Qxf5 Qd7
15. Qc2 Ne4 16. a4 f6 17. Bg3 h5 18. a5 Nc8 19. Nd2 Nxd2 20. Qxd2 Nd6 21. Bxd6
Qxd6 22. Rfb1 b6 23. Qd1 g6 24. Rb5 Qc6 25. Rab1 Rab8 26. R1b2 f5 27. g3 Rf6 28.
Qf3 Rd8 29. Qf4 Re6 30. R5b4 Qd6 31. Qg5 Rb8 32. h3 Kg7 33. axb6 Rxb6 34. Ra2
Qb8 35. Rba4 a6 36. Ra5 Qb7 37. Kg2 Rbd6 38. Rc5 Qb1 39. Rc7+ Kg8 40. Qh6 Qe4+
41. f3 1-0

[Event "15th Delhi Open 2017"]
[Site "New Delhi IND"]
[Date "2017.01.10"]
[Round "3.23"]
[White "Tukhaev, Adam"]
[Black "Chakravarthi Reddy, M"]
[Result "1/2-1/2"]
[WhiteTitle "GM"]
[BlackTitle "IM"]
[WhiteElo "2516"]
[BlackElo "2242"]
[WhiteFideId "14109476"]
[BlackFideId "25009532"]
[EventDate "2017.01.09"]

1. e4 e6 2. d4 d5 3. exd5 exd5 4. Nf3 Bd6 5. c4 dxc4 6. Bxc4 Nf6 7. Qe2+ Qe7 8.
Qxe7+ Bxe7 9. O-O O-O 10. Re1 Bd6 11. Bg5 Nbd7 12. Nc3 c6 13. Bb3 Bb4 14. Rad1
h6 15. Bh4 Nd5 16. Nxd5 cxd5 17. Re3 Nb6 18. a3 Bd6 19. Bg3 Bxg3 20. hxg3 Be6
21. Ne5 Rac8 22. Nd3 Nc4 23. Re2 Bf5 24. Nf4 Rfd8 25. Rc1 b5 26. Re7 Nd2 27.
Rxc8 Rxc8 28. g4 Bxg4 29. Bxd5 Rc1+ 30. Kh2 Nf1+ 31. Kg1 1/2-1/2

[Event "15th Delhi Open 2017"]
[Site "New Delhi IND"]
[Date "2017.01.10"]
[Round "3.24"]
[White "Deviatkin, Andrei"]
[Black "Parnali, S Dharia"]
[Result "1-0"]
[WhiteTitle "GM"]
[BlackTitle "WIM"]
[WhiteElo "2499"]
[BlackElo "2209"]
[WhiteFideId "4121260"]
[BlackFideId "5043131"]
[EventDate "2017.01.09"]

1. e4 e5 2. Nf3 Nc6 3. Bb5 a6 4. Bxc6 dxc6 5. O-O Bg4 6. h3 h5 7. d3 Qf6 8. Be3
Bxf3 9. Qxf3 Qxf3 10. gxf3 Bd6 11. Nd2 Ne7 12. Rfb1 f5 13. b4 O-O 14. a3 Ng6 15.
Kf1 fxe4 16. fxe4 Nf4 17. Bxf4 Rxf4 18. Ke2 Raf8 19. f3 Kh7 20. c4 Be7 21. Rg1
R4f7 22. c5 Kh6 23. Raf1 Bg5 24. Nc4 Bf4 25. Rd1 Rd7 26. Na5 b6 27. Nxc6 a5 28.
d4 axb4 29. axb4 Ra8 30. Ra1 Rxa1 31. Rxa1 bxc5 32. bxc5 exd4 33. Kd3 Kg5 34.
Ra8 Kh4 35. Re8 Kg3 36. e5 Kxf3 37. Rf8 Rd5 38. e6 Rxc5 39. Nxd4+ Kg3 40. Ne2+ 1-0

[Event "15th Delhi Open 2017"]
[Site "New Delhi IND"]
[Date "2017.01.10"]
[Round "3.25"]
[White "Czebe, Attila"]
[Black "Patil, Pratik"]
[Result "1-0"]
[WhiteTitle "GM"]
[WhiteElo "2491"]
[BlackElo "2208"]
[WhiteFideId "705268"]
[BlackFideId "5038758"]
[EventDate "2017.01.09"]

1. e4 c5 2. Nf3 e6 3. d4 cxd4 4. Nxd4 a6 5. Bd3 Bc5 6. Nb3 Ba7 7. O-O d6 8. Qe2
Nc6 9. Be3 Nf6 10. c4 O-O 11. Nc3 Bxe3 12. Qxe3 e5 13. Be2 Ng4 14. Bxg4 Bxg4 15.
Rac1 Be6 16. Na4 f5 17. exf5 Rxf5 18. Nb6 Rb8 19. Rfd1 Qf8 20. c5 Rd8 21. cxd6
Rxd6 22. Nc5 Rxd1+ 23. Rxd1 Qe7 24. a3 Nd4 25. b4 Qd6 26. Nxe6 Qxe6 27. Rxd4
Qxb6 28. Rd5 Qxe3 29. fxe3 Kf8 30. Rd8+ Ke7 31. Rb8 b5 32. Rb7+ Kf8 33. Ra7 Rf6
34. e4 Rf4 35. Rxa6 Rxe4 36. Ra5 Re3 37. Kf2 Rd3 38. Rxb5 Rxa3 39. Rxe5 Rb3 40.
b5 Kf7 41. h4 h6 42. Rc5 Kf6 43. h5 Kf7 44. g4 g6 45. Rc7+ Kg8 46. Rc8+ Kg7 47.
Rc7+ Kg8 48. Rb7 gxh5 49. gxh5 Kf8 50. Ke2 Ke8 51. Kd2 Kd8 52. Rb6 Kc7 53. Rc6+
Kd7 54. Rb6 Kc7 55. Rxh6 Rxb5 56. Rh8 Re5 57. h6 Rh5 58. Ke3 Rh3+ 59. Kf4 Rh1
60. Kg5 Rg1+ 61. Kf6 Rf1+ 62. Kg6 Rg1+ 63. Kh7 Kd7 64. Rg8 Rh1 65. Rg6 Ke7 66.
Kg7 Rf1 67. h7 1-0

[Event "15th Delhi Open 2017"]
[Site "New Delhi IND"]
[Date "2017.01.10"]
[Round "3.26"]
[White "Ajay Krishna, S"]
[Black "Neelotpal, Das"]
[Result "1-0"]
[BlackTitle "GM"]
[WhiteElo "2167"]
[BlackElo "2462"]
[WhiteFideId "5096430"]
[BlackFideId "5003512"]
[EventDate "2017.01.09"]

1. d4 Nf6 2. Nf3 e6 3. g3 b5 4. Bg2 Bb7 5. O-O Be7 6. Bg5 d6 7. Nbd2 Nbd7 8. c4
a6 9. Qb3 Rb8 10. a4 b4 11. Qc2 c5 12. Rfd1 Qc7 13. Rac1 O-O 14. b3 Rbc8 15. e4
cxd4 16. Nxd4 h6 17. Be3 Ng4 18. Nf1 Nxe3 19. Nxe3 Nc5 20. h4 Qb8 21. Ne2 Qa8
22. f3 Qa7 23. Kh2 Nxe4 24. Nf5 exf5 25. fxe4 fxe4 26. Bxe4 Rfe8 27. Bxb7 Qxb7
28. Nf4 Bf8 29. Qg2 Qa7 30. Nd5 Re6 31. Rc2 Rce8 32. Rf2 Qxf2 33. Qxf2 Re2 34.
Kg1 Rxf2 35. Kxf2 a5 36. Nc7 Re5 37. Rd5 g6 38. Rb5 Rc5 39. Nd5 Bg7 40. Ke3 f5
41. h5 gxh5 42. Kf4 Be5+ 43. Kxf5 Bxg3 44. Rb8+ Kf7 45. Rb7+ Kf8 46. Ke6 Be5 47.
Rf7+ Ke8 48. Rh7 Kd8 49. Rxh6 Kc8 50. Rxh5 Kb7 51. Rh7+ Kb8 52. Nb6 Rc7 53. Nd7+
Ka7 54. Rf7 Bg3 55. Rf8 Kb7 56. Rb8+ Ka6 57. Rb6+ Ka7 58. Rb5 Ka6 59. Nb8+ Ka7
60. Kd5 Rc5+ 61. Rxc5 dxc5 62. Nd7 Bf2 63. Kc6 1-0

[Event "15th Delhi Open 2017"]
[Site "New Delhi IND"]
[Date "2017.01.10"]
[Round "3.27"]
[White "Murshed, Niaz"]
[Black "Gireman, Ja"]
[Result "1-0"]
[WhiteTitle "GM"]
[WhiteElo "2444"]
[BlackElo "2199"]
[WhiteFideId "10200010"]
[BlackFideId "5043794"]
[EventDate "2017.01.09"]

1. d4 Nf6 2. c4 g6 3. Nc3 d5 4. Bf4 Bg7 5. e3 O-O 6. Rc1 c5 7. dxc5 Qa5 8. cxd5
Ne4 9. Ne2 Na6 10. f3 Nxc3 11. Nxc3 Nxc5 12. Qd2 Rd8 13. e4 e6 14. Bg5 f6 15.
Be3 b6 16. Bc4 Bb7 17. O-O Ba6 18. Qe2 Bxc4 19. Qxc4 Qa6 20. Qxa6 Nxa6 21. Rfd1
Kf7 22. Nb5 exd5 23. exd5 Rd7 24. a3 f5 25. b4 Be5 26. f4 Bf6 27. Bd4 Rad8 28.
Bxf6 Kxf6 29. Rc6+ Kf7 30. Rc3 Rxd5 31. Rxd5 Rxd5 32. Nxa7 Nb8 33. Nc6 Nxc6 34.
Rxc6 Rd1+ 35. Kf2 Rd2+ 36. Kf1 Ra2 37. Rxb6 Rxa3 38. Rb7+ Kg8 39. b5 Ra1+ 40.
Kf2 Ra2+ 41. Ke3 Rxg2 42. b6 Rb2 43. Kd4 h6 44. h4 g5 45. fxg5 f4 46. Ke5 hxg5
47. hxg5 Kf8 48. Kf6 Ke8 49. g6 f3 50. g7 Rg2 51. Re7+ 1-0

[Event "15th Delhi Open 2017"]
[Site "New Delhi IND"]
[Date "2017.01.10"]
[Round "3.28"]
[White "Goswami, Vedant"]
[Black "Venkatesh, M.R."]
[Result "0-1"]
[BlackTitle "GM"]
[WhiteElo "2189"]
[BlackElo "2439"]
[WhiteFideId "5003725"]
[BlackFideId "5005779"]
[EventDate "2017.01.09"]

1. Nf3 Nf6 2. g3 g6 3. Bg2 Bg7 4. O-O O-O 5. d3 d5 6. Nbd2 Nc6 7. c4 a5 8. cxd5
Nxd5 9. a3 h6 10. e3 Be6 11. Ne4 b6 12. Qc2 Qd7 13. Bd2 a4 14. d4 Na5 15. Bxa5
Rxa5 16. Rac1 Bf5 17. Rfd1 Rc8 18. Nh4 Bg4 19. Rd2 c6 20. Nf3 Qe6 21. Nc3 Nxc3
22. bxc3 Qd6 23. Ra1 c5 24. Qb2 Qc7 25. h3 Be6 26. Ne1 Bb3 27. Nd3 Rb5 28. Re1
Bc4 29. Qa1 Bb3 30. Bf1 Ra5 31. f4 e6 32. Ne5 cxd4 33. cxd4 Qc3 34. Qxc3 Rxc3
35. Nd7 Ra7 36. Bb5 Rcc7 37. Ne5 Ra5 38. Bd3 Bf8 39. Ra1 b5 40. Be4 Ra6 41. Nd3
Rc3 42. Kf2 Bc4 43. Nc5 Ra7 44. Rb2 Rc7 45. Na6 Rxa3 46. Rxa3 Bxa3 47. Rxb5 Bxb5
48. Nxc7 Bc4 49. Bc6 Bd6 50. Nb5 a3 51. Nxd6 Bb3 0-1

[Event "15th Delhi Open 2017"]
[Site "New Delhi IND"]
[Date "2017.01.10"]
[Round "3.29"]
[White "Dahale, Atul"]
[Black "Nitin, S."]
[Result "0-1"]
[BlackTitle "IM"]
[WhiteElo "2140"]
[BlackElo "2427"]
[WhiteFideId "5037794"]
[BlackFideId "5018277"]
[EventDate "2017.01.09"]

1. d4 Nf6 2. c4 g6 3. Nc3 Bg7 4. e4 d6 5. h3 O-O 6. Nf3 Na6 7. Be3 c6 8. Be2 e5
9. d5 cxd5 10. cxd5 Nh5 11. g3 f5 12. exf5 gxf5 13. Nh4 f4 14. Bxh5 fxe3 15. f3
Nc5 16. Bg4 Qg5 17. Ne2 Bxg4 18. hxg4 e4 19. f4 Qxg4 20. O-O Nd3 21. Ng2 Nxb2 0-1

[Event "15th Delhi Open 2017"]
[Site "New Delhi IND"]
[Date "2017.01.10"]
[Round "3.30"]
[White "Hesham, Abdelrahman"]
[Black "Dodeja, Pawan"]
[Result "0-1"]
[WhiteTitle "GM"]
[WhiteElo "2418"]
[BlackElo "2189"]
[WhiteFideId "10600183"]
[BlackFideId "5012686"]
[EventDate "2017.01.09"]

1. c4 e6 2. g3 d5 3. Bg2 Nf6 4. Nf3 d4 5. O-O c5 6. e3 Nc6 7. exd4 cxd4 8. Re1
Be7 9. d3 O-O 10. a3 a5 11. Ne5 Nxe5 12. Rxe5 Nd7 13. Rb5 Nc5 14. a4 Bd7 15. Na3
Bc6 16. f4 Qd7 17. b3 Rfe8 18. Rb1 Bf8 19. Qd2 Bxg2 20. Qxg2 e5 21. fxe5 Nxd3
22. Nc2 Rxe5 23. Rxb7 Qg4 24. Qf1 Re2 25. Qxf7+ Kh8 26. Bh6 Ne5 27. Qc7 Nf3+ 28.
Kf1 Rxc2 0-1

[Event "15th Delhi Open 2017"]
[Site "New Delhi IND"]
[Date "2017.01.11"]
[Round "4.1"]
[White "Amonatov, Farrukh"]
[Black "Rathnakaran, K."]
[Result "1-0"]
[WhiteTitle "GM"]
[BlackTitle "IM"]
[WhiteElo "2619"]
[BlackElo "2428"]
[WhiteFideId "14700077"]
[BlackFideId "5005507"]
[EventDate "2017.01.09"]

1. e4 c5 2. Nf3 e6 3. d4 cxd4 4. Nxd4 Nc6 5. Nc3 Qc7 6. Be3 a6 7. Qd2 Nf6 8.
O-O-O Be7 9. f3 O-O 10. g4 b5 11. Kb1 Ne5 12. g5 Ne8 13. f4 Nc4 14. Bxc4 Qxc4
15. Nb3 a5 16. Qf2 a4 17. Nd2 Qc6 18. Ne2 a3 19. b3 Bb7 20. Bd4 Nd6 21. Ng3 b4
22. Nh5 Rfc8 23. Rc1 Nxe4 24. Nxe4 Qxe4 25. Rhe1 Qf3 26. Qxf3 Bxf3 27. Nxg7 Bc5
28. Bxc5 Rxc5 29. Re3 Rc3 30. Rxc3 bxc3 31. Rf1 Bg4 32. Rg1 Kxg7 33. Rxg4 Kg6
34. Kc1 Ra5 35. Rg3 Rc5 36. Rh3 d6 37. Rh6+ Kg7 38. Rh3 Kg6 39. Rh6+ Kg7 40. Rh3
e5 41. fxe5 dxe5 42. Kd1 Kg6 43. Rg3 Kf5 44. Ke2 e4 45. h4 Kf4 46. Rg1 Rc7 47.
Rd1 h6 48. Rf1+ Ke5 49. Ke3 hxg5 50. hxg5 Rd7 51. Rf4 Rd2 52. Rxe4+ Kf5 53. Rf4+
Kxg5 54. Rxf7 Rxc2 55. Kd3 Rxa2 56. Kxc3 Re2 57. Rf1 a2 58. Kb4 Rf2 59. Ra1 Kf4
60. Ka3 Ke3 61. Rxa2 Rf8 62. Kb2 Rf2+ 63. Ka3 Rf8 64. b4 Kd4 65. Kb3 Kd5 66. Ra6
Rb8 67. Ka4 Kc4 68. Rc6+ Kd5 69. b5 Ra8+ 70. Kb4 Ra1 71. Rc2 Kd6 72. b6 Kd7 73.
Kb5 Ra3 74. b7 Ra1 75. Kb6 Rb1+ 76. Ka7 Ra1+ 77. Kb8 Rh1 78. Ra2 1-0

[Event "15th Delhi Open 2017"]
[Site "New Delhi IND"]
[Date "2017.01.11"]
[Round "4.2"]
[White "Karthikeyan, Murali"]
[Black "Raghunandan, Kaumandur Srihari"]
[Result "1-0"]
[WhiteTitle "GM"]
[BlackTitle "IM"]
[WhiteElo "2564"]
[BlackElo "2416"]
[WhiteFideId "5074452"]
[BlackFideId "25004964"]
[EventDate "2017.01.09"]

1. e4 c5 2. Nf3 d6 3. d4 cxd4 4. Nxd4 a6 5. c4 Nf6 6. Nc3 e6 7. Be2 Nbd7 8. O-O
b6 9. Bh5 Nxh5 10. Qxh5 Nf6 11. Qe2 Qc7 12. Bg5 Be7 13. f4 O-O 14. e5 Ne8 15.
Bxe7 Qxe7 16. f5 dxe5 17. Qxe5 Qd6 18. Rae1 Qxe5 19. Rxe5 f6 20. Rxe6 Bxe6 21.
fxe6 Nc7 22. Nd5 Nxd5 23. cxd5 Rfd8 24. Nf5 g6 25. Ne3 Rac8 26. Rxf6 Rf8 27. Ng4
Rc1+ 28. Kf2 h5 29. e7 Re8 30. d6 Rc2+ 31. Kg3 Rd2 32. Rxg6+ Kh7 33. Nf6+ Kxg6
34. Nxe8 Kf7 35. Nc7 1-0

[Event "15th Delhi Open 2017"]
[Site "New Delhi IND"]
[Date "2017.01.11"]
[Round "4.3"]
[White "Das, Sayantan"]
[Black "Sivuk, Vitaly"]
[Result "1/2-1/2"]
[WhiteTitle "IM"]
[BlackTitle "GM"]
[WhiteElo "2371"]
[BlackElo "2540"]
[WhiteFideId "5034426"]
[BlackFideId "14116502"]
[EventDate "2017.01.09"]

1. e4 e5 2. Nf3 Nc6 3. Bb5 Nf6 4. d3 d6 5. O-O Bd7 6. c3 a6 7. Ba4 g6 8. Bg5 Bg7
9. Nbd2 h6 10. Bh4 O-O 11. Re1 Qe8 12. Bb3 Nh5 13. Nc4 Kh8 14. d4 Bg4 15. dxe5
Nxe5 16. Ncxe5 dxe5 17. Qd3 f6 18. Rad1 Nf4 19. Qe3 Qe7 20. h3 Be6 21. Nxe5 g5
22. Nf3 Bxb3 23. axb3 Qf7 24. Bg3 Nh5 25. b4 f5 26. Be5 f4 27. Qe2 Rae8 28.
Bxg7+ Qxg7 29. Qc4 g4 30. hxg4 Qxg4 31. Qd4+ Rf6 32. Qd7 Rfe6 33. Ne5 Qg7 34.
Qxg7+ Nxg7 35. Nd7 b6 36. f3 Nf5 37. Kf2 Ne3 38. Rd3 Rd8 39. g3 Nc4 40. e5 fxg3+
41. Kxg3 Nd6 42. exd6 Rxe1 43. dxc7 Rc8 44. Nf6 Kg7 45. Rd8 Rxc7 46. Ne8+ Rxe8
47. Rxe8 a5 48. bxa5 bxa5 49. Rb8 a4 50. Rb4 a3 51. bxa3 Rxc3 52. a4 Ra3 53.
Rg4+ Kf6 54. Rf4+ Kg5 55. Rb4 h5 56. Rc4 Kg6 57. Rc6+ Kg5 58. Rc5+ Kg6 59. Rc4
Kg5 60. Rf4 Ra1 61. Rb4 Ra3 62. Rb5+ Kg6 63. a5 h4+ 64. Kg4 h3 65. Rg5+ Kf6 66.
Rh5 h2 67. a6 Rxa6 68. Rxh2 Kg6 69. f4 Ra1 1/2-1/2

[Event "15th Delhi Open 2017"]
[Site "New Delhi IND"]
[Date "2017.01.11"]
[Round "4.4"]
[White "Neverov, Valeriy"]
[Black "Iniyan, P"]
[Result "1/2-1/2"]
[WhiteTitle "GM"]
[WhiteElo "2478"]
[BlackElo "2363"]
[WhiteFideId "14100150"]
[BlackFideId "25002767"]
[EventDate "2017.01.09"]

1. d4 Nf6 2. c4 g6 3. Nc3 Bg7 4. e4 d6 5. Nge2 O-O 6. Ng3 e5 7. d5 a5 8. Be2 Na6
9. h4 h5 10. Bg5 Qe8 11. Qd2 Kh7 12. O-O-O Ng4 13. Qe1 Bd7 14. f3 Nh6 15. Kb1
Nc5 16. Be3 b6 17. Nf1 f5 18. Nd2 Ng8 19. Nb3 Nxb3 20. axb3 Bh6 21. Bd3 Bxe3 22.
Qxe3 f4 23. Qf2 Qf7 24. Kc2 Nf6 25. Ra1 Rfb8 26. Ra3 Bc8 27. Rha1 Bb7 28. Nb5
Qe7 29. b4 axb4 30. Rxa8 Rxa8 31. Rxa8 Bxa8 32. Qe1 Ne8 33. Kb3 c6 34. dxc6 Bxc6
35. Qxb4 Bxb5 36. Qxb5 Qd8 37. Qc6 Ng7 38. Qd5 Qe7 39. Qc6 Qd8 40. Qd5 Qd7 41.
Kc3 Ne6 42. c5 Nxc5 43. Bc4 Qc8 44. b4 Nd7 45. Kb3 Qf8 46. Qc6 Qe7 47. Bb5 Nf8
48. Bc4 Ne6 49. Bxe6 Qxe6+ 50. Ka3 Qe7 51. Qxb6 Qxh4 52. Qxd6 Qf2 53. Qe7+ Kh6
54. Qxe5 Qxg2 55. Qxf4+ Kh7 56. Qf7+ Kh6 57. Qf4+ Kh7 58. e5 Qe2 59. Qf7+ Kh6
60. e6 Qd3+ 61. Ka4 Qa6+ 62. Kb3 Qd3+ 63. Ka4 Qa6+ 1/2-1/2

[Event "15th Delhi Open 2017"]
[Site "New Delhi IND"]
[Date "2017.01.11"]
[Round "4.5"]
[White "Sangma, Rahul"]
[Black "Grover, Sahaj"]
[Result "1/2-1/2"]
[WhiteTitle "IM"]
[BlackTitle "GM"]
[WhiteElo "2314"]
[BlackElo "2467"]
[WhiteFideId "5013615"]
[BlackFideId "5021103"]
[EventDate "2017.01.09"]

1. c4 e6 2. Nf3 Nf6 3. g3 b6 4. Bg2 Bb7 5. O-O Be7 6. b3 O-O 7. Bb2 c5 8. Nc3 d5
9. e3 Nc6 10. cxd5 exd5 11. d4 Qd7 12. Ne5 Qe6 13. Nxc6 Bxc6 14. dxc5 bxc5 15.
Ne2 Rfd8 16. Qc2 Ne4 17. Rac1 Bb7 18. Nf4 Qc6 19. Rfd1 a5 20. Rxd5 Rxd5 21. Bxe4
Rd1+ 22. Rxd1 Qxe4 23. Qxe4 Bxe4 24. Nd5 Bxd5 25. Rxd5 a4 26. Be5 f6 27. Rd7 Bf8
28. Bd6 axb3 29. axb3 Ra1+ 30. Kg2 1/2-1/2

[Event "15th Delhi Open 2017"]
[Site "New Delhi IND"]
[Date "2017.01.11"]
[Round "4.6"]
[White "Visakh, N R"]
[Black "Navalgund, Niranjan"]
[Result "1/2-1/2"]
[WhiteTitle "IM"]
[WhiteElo "2453"]
[BlackElo "2207"]
[WhiteFideId "25012223"]
[BlackFideId "5030854"]
[EventDate "2017.01.09"]

1. e4 e5 2. Nf3 Nc6 3. Bc4 Bc5 4. d3 Nf6 5. O-O O-O 6. a4 d6 7. c3 a6 8. Bg5 h6
9. Bh4 g5 10. Bg3 Bg4 11. Nbd2 Ba7 12. a5 Nh7 13. Kh1 Kg7 14. b4 h5 15. h3 Bd7
16. Ne1 g4 17. h4 f5 18. exf5 Ne7 19. Be6 Bxe6 20. fxe6 Nf5 21. Qe2 Nxh4 22. d4
Nf5 23. dxe5 d5 24. Nd3 Qg5 25. e7 Nxe7 26. e6 Ng6 27. Nb3 Rae8 28. Bxc7 Qh4+
29. Bh2 Bb8 30. g3 Qh3 31. Rg1 Ng5 32. Nd4 h4 33. Qf1 hxg3 34. Qxh3 Nxh3 35.
Rxg3 Nxf2+ 36. Nxf2 Rxf2 37. Rg2 Rxg2 38. Kxg2 Nh4+ 39. Kh1 Nf3 40. Bxb8 Rxb8
41. Kg2 Nxd4 42. cxd4 Kf6 43. Re1 Re8 44. Kg3 Ke7 45. Kxg4 Rf8 46. Kg3 Rf5 47.
Re2 Rf1 48. Kg4 Rf8 49. Re3 Rf6 50. Re2 Rf1 51. Re3 Rf6 52. Kg5 Rf1 53. Re2 Rf3
54. Re1 Rf2 55. Kg4 Rf8 56. Kg3 Rf6 57. Re5 Rf1 58. Rxd5 Kxe6 59. Rh5 Kd6 60.
Rh7 Kc6 61. Rh6+ Kd5 62. Rh7 Kxd4 63. Rxb7 Kc4 64. Rb6 Rb1 65. Rc6+ Kd4 66. Rd6+
Kc4 67. Rc6+ Kd4 68. Rxa6 Rxb4 69. Ra8 Kc5 70. a6 Ra4 71. a7 Kb6 72. Kf3 Rxa7
73. Rxa7 Kxa7 74. Ke4 1/2-1/2

[Event "15th Delhi Open 2017"]
[Site "New Delhi IND"]
[Date "2017.01.11"]
[Round "4.7"]
[White "Akash Pc, Iyer"]
[Black "Nguyen, Huynh Minh Huy"]
[Result "0-1"]
[BlackTitle "GM"]
[WhiteElo "2205"]
[BlackElo "2448"]
[WhiteFideId "5006775"]
[BlackFideId "12401269"]
[EventDate "2017.01.09"]

1. d4 d5 2. c4 c6 3. Nc3 Nf6 4. Nf3 e6 5. g3 Nbd7 6. Bg2 dxc4 7. a4 Bb4 8. O-O
O-O 9. Qc2 Qe7 10. a5 a6 11. Ra4 b5 12. axb6 Nxb6 13. Ra1 c5 14. dxc5 Bxc5 15.
Na4 Bb7 16. Nxc5 Qxc5 17. Be3 Qc7 18. Bf4 Qc8 19. Be5 Be4 20. Qd2 Rd8 21. Qg5
Nbd7 22. Bd4 h6 23. Qf4 Qb7 24. Rfc1 Bd5 25. Ne1 Bxg2 26. Nxg2 e5 27. Bxe5 Nxe5
28. Qxe5 Re8 29. Qd4 Rxe2 30. Qxc4 Rxb2 31. Qc6 Qxc6 32. Rxc6 Ne4 33. f3 Ng5 34.
Rc3 Nh3+ 35. Kh1 Rd8 0-1